[Event "Open Loire"]
[Site "?"]
[Date "2001.04.21"]
[Round "4"]
[White "Reissier, Amandine"]
[Black "Brachet, Gerard"]
[Result "0-1"]
[WhiteElo "1310"]
[BlackElo "1450"]
[PlyCount "82"]
[EventDate "1996.??.??"]

1. d4 d5 2. Nf3 Nf6 3. Bf4 e6 4. e3 c5 5. c4 Qb6 6. b3 Nc6 7. Nc3 Qb4 8. Qd2
Ne4 9. Nxe4 Qxd2+ 10. Nexd2 cxd4 11. exd4 Bb4 12. a3 Bc3 13. Ra2 Nxd4 14. Nxd4
Bxd4 15. Nf3 Bc3+ 16. Nd2 O-O 17. Bd3 e5 18. Bg3 e4 19. Be2 d4 20. Rc2 Bxd2+
21. Rxd2 d3 22. Bd1 Re8 23. Bf4 b6 24. O-O Bb7 25. h3 Re6 26. Bg4 Rf6 27. Be5
Rg6 28. Re1 Re8 29. Bf5 e3 30. Rxe3 Rxg2+ 31. Kh1 Rxf2+ 32. Kg1 Rxd2 33. Bxd3
f6 34. Bf5 fxe5 35. b4 g6 36. Bg4 h5 37. Bf3 Bxf3 38. Rxf3 Rc8 39. c5 bxc5 40.
bxc5 Rxc5 41. h4 e4 0-1

[Event "Open Loire"]
[Site "?"]
[Date "2001.04.21"]
[Round "4"]
[White "Conesa, Antoine"]
[Black "Mialon, Franck"]
[Result "1-0"]
[WhiteElo "1420"]
[BlackElo "1250"]
[PlyCount "39"]
[EventDate "1996.??.??"]

1. e4 e5 2. Nf3 Nc6 3. a3 Bc5 4. c3 d6 5. h3 Nf6 6. d3 Qe7 7. Qb3 Na5 8. Qa2 h6
9. b4 Be6 10. c4 Bxf2+ 11. Qxf2 Nc6 12. Be2 O-O-O 13. b5 Nd4 14. Nxd4 exd4 15.
Qxd4 Kb8 16. Be3 c5 17. bxc6 Nh7 18. Qxa7+ Kc8 19. Qa8+ Kc7 20. Qxb7# 1-0

[Event "Open Loire"]
[Site "?"]
[Date "2001.04.21"]
[Round "4"]
[White "Bourgin, Christian"]
[Black "Valet, Godeffroy"]
[Result "0-1"]
[WhiteElo "1199"]
[BlackElo "1420"]
[PlyCount "48"]
[EventDate "1996.??.??"]

1. d4 d5 2. Nc3 Nf6 3. e3 Bf5 4. Qf3 Bxc2 5. g4 Ne4 6. Nxe4 Bxe4 7. Qg3 Bxh1 8.
f3 e6 9. Ne2 Qd6 10. Kf2 Qxg3+ 11. Nxg3 Bxf3 12. Kxf3 Bd6 13. b3 O-O 14. Bb2
Bxg3 15. Kxg3 f5 16. Be2 Nc6 17. Ba3 Rf6 18. Rf1 fxg4 19. Rxf6 gxf6 20. Bxg4 f5
21. Be2 a5 22. Kf4 Kf7 23. Bb5 Ne7 24. Ke5 Ng6# 0-1

[Event "Open Loire"]
[Site "?"]
[Date "2001.04.21"]
[Round "4"]
[White "Veyrat, Gerard"]
[Black "Barthelemy, Jerome"]
[Result "0-1"]
[WhiteElo "1150"]
[BlackElo "1360"]
[PlyCount "68"]
[EventDate "1996.??.??"]

1. d4 d5 2. c4 e6 3. Nc3 c6 4. e3 f5 5. Nf3 Nf6 6. Bd3 Bd6 7. O-O O-O 8. cxd5
exd5 9. Ne5 Nbd7 10. Bxf5 Nxe5 11. dxe5 Bxe5 12. Qd3 Bxf5 13. Qxf5 Qd6 14. f4
Bxc3 15. bxc3 Ne4 16. Qh3 Nxc3 17. Bb2 Ne4 18. Qg4 Nf6 19. Qg5 c5 20. Be5 Qe7
21. Rfd1 Rfd8 22. h4 c4 23. h5 h6 24. Bc3 hxg5 25. fxg5 Nxh5 26. Re1 Qxg5 27.
Re2 Ng3 28. Ree1 Ne4 29. Bd4 b5 30. Rab1 Nd2 31. Rxb5 Nf3+ 32. Kf2 Nxe1 33.
Kxe1 Qxg2 34. a4 Rf8 0-1

[Event "Open Loire"]
[Site "?"]
[Date "2001.04.21"]
[Round "4"]
[White "Gerey, Jean-Pierre"]
[Black "Bruyas, Benjamin"]
[Result "0-1"]
[WhiteElo "1280"]
[BlackElo "1110"]
[PlyCount "86"]
[EventDate "1996.??.??"]

1. e4 e5 2. Nf3 Nc6 3. Bc4 Nf6 4. Nc3 Bc5 5. O-O d6 6. d3 Bg4 7. Bg5 Qe7 8. Nd5
Qd7 9. Nxf6+ gxf6 10. Bxf6 Rg8 11. h3 Bxh3 12. Ng5 Bg4 13. Bxf7+ Kf8 14. Qd2
Rxg5 15. Qxg5 Qxf7 16. c3 Be2 17. Rfe1 Bxd3 18. b4 Bb6 19. a4 a5 20. b5 Nd8 21.
g3 Ne6 22. Qh4 Qg6 23. Kg2 Nc5 24. Bd8 Kg8 25. Rh1 Bxe4+ 26. Kg1 Bxh1 27. Kxh1
Nd3 28. Kg2 Bxf2 29. Kh3 Qf5+ 30. Qg4+ Qxg4+ 31. Kxg4 Rxd8 32. Rh1 Be1 33. Rh5
Bxc3 34. Rg5+ Kh8 35. Rf5 e4 36. Rf7 e3 37. Re7 Bd2 38. Kh5 Ne5 39. g4 e2 40.
g5 e1=Q 41. Rxh7+ Kxh7 42. g6+ Kg7 43. b6 Qh1# 0-1

[Event "Open Loire"]
[Site "?"]
[Date "2001.04.21"]
[Round "4"]
[White "Soler, Gerald"]
[Black "Farge, Damien"]
[Result "1-0"]
[WhiteElo "1499"]
[BlackElo "1299"]
[PlyCount "41"]
[EventDate "1996.??.??"]

1. e4 e5 2. Nf3 Nc6 3. Bc4 Nf6 4. Nc3 Bc5 5. d3 Bd4 6. Bd2 O-O 7. O-O Ne7 8. h3
d5 9. exd5 Nexd5 10. Nxd5 Nxd5 11. c3 Bf5 12. cxd4 Nf4 13. Nxe5 Qxd4 14. Bc3
Ne2+ 15. Qxe2 Bxd3 16. Qxd3 Qxd3 17. Bxd3 Rad8 18. Rad1 f6 19. Bc4+ Kh8 20.
Rxd8 Rxd8 21. Nf7+ 1-0

[Event "Open Loire"]
[Site "?"]
[Date "2001.05.12"]
[Round "5"]
[White "Valjan, Berislav"]
[Black "Gidon, Rene"]
[Result "1-0"]
[WhiteElo "1580"]
[BlackElo "1520"]
[PlyCount "69"]
[EventDate "1996.??.??"]

1. d4 Nf6 2. c4 e6 3. Nc3 b6 4. Nf3 Bb7 5. Bf4 Nc6 6. a3 a5 7. e4 d6 8. Be2 Be7
9. h3 O-O 10. O-O Nh5 11. Qd2 Nxf4 12. Qxf4 Bf6 13. Rad1 Qe7 14. e5 dxe5 15.
dxe5 g5 16. exf6 gxf4 17. fxe7 Nxe7 18. Rd7 Ng6 19. Rxc7 Rab8 20. Rd1 h5 21.
Rdd7 Ba8 22. Ng5 Ne5 23. Re7 f3 24. gxf3 Kg7 25. f4 Kf6 26. Nh7+ Kf5 27. Nxf8
Kxf4 28. Rxf7+ Nxf7 29. Rxf7+ Ke5 30. f4+ Kd4 31. Kf2 Re8 32. Rd7+ Kc5 33. Rc7+
Kd4 34. Nb5+ Ke4 35. Nd6+ 1-0

[Event "Open Loire"]
[Site "?"]
[Date "2001.05.12"]
[Round "5"]
[White "Trevy, Nelly"]
[Black "Bastien, Daniel"]
[Result "0-1"]
[WhiteElo "1600"]
[BlackElo "1650"]
[PlyCount "87"]
[EventDate "1996.??.??"]

1. e4 d6 2. d4 g6 3. Nc3 Bg7 4. Be3 Nf6 5. Nf3 c6 6. Bd3 O-O 7. O-O Qc7 8. Ne2
Bg4 9. Nd2 Bxe2 10. Qxe2 Nbd7 11. f4 c5 12. c3 a6 13. a4 Rac8 14. Kh1 Kh8 15.
Rf3 Ng4 16. Bg1 Nh6 17. f5 e6 18. fxg6 fxg6 19. Rh3 e5 20. dxc5 Nxc5 21. Bc2
Qd7 22. Nf3 Ne6 23. Qd2 Nf4 24. Rh4 Qe7 25. Be3 g5 26. Rxh6 Bxh6 27. g3 Ne6 28.
Rf1 g4 29. Bxh6 Rxf3 30. Rd1 Rd8 31. Bb3 Nc5 32. Bc2 Qf6 33. Kg2 Rd7 34. b4 Ne6
35. Bb3 Nc7 36. Bg5 Qf8 37. h3 gxh3+ 38. Kxh3 Rg7 39. Bh4 Qc8+ 40. Kh2 Qg4 41.
Rg1 Qxe4 42. Bc2 Qd5 43. Qe2 Qf7 44. Kh1 0-1

[Event "Open Loire"]
[Site "?"]
[Date "2001.05.12"]
[Round "5"]
[White "Pareux, Marc"]
[Black "Chabas, Jean-Luc"]
[Result "1-0"]
[WhiteElo "1530"]
[BlackElo "1640"]
[PlyCount "84"]
[EventDate "1996.??.??"]

1. d4 d5 2. e4 c6 3. Nc3 dxe4 4. f3 Nf6 5. fxe4 Bg4 6. Nf3 e6 7. Be3 Be7 8. Bd3
Nbd7 9. O-O Nb6 10. e5 Nfd5 11. Bf2 Bg5 12. Qe2 Nf4 13. Qe4 Bf5 14. Qe1 Nxd3
15. cxd3 Bxd3 16. Nxg5 Bxf1 17. Nxf7 Kxf7 18. Qxf1 Qd7 19. Ne4 Rhf8 20. Ng5+
Kg8 21. Qd3 g6 22. Ne4 Qe7 23. Qh3 Nd5 24. Bh4 Nf4 25. Bxe7 Nxh3+ 26. gxh3 Rf7
27. Bf6 b6 28. Rc1 Rc8 29. Nd6 Rfc7 30. Nxc8 Rxc8 31. b4 a6 32. a4 b5 33. axb5
axb5 34. Kf2 Rc7 35. Ke3 Kf7 36. Kf4 Rd7 37. Ke4 Rc7 38. h4 h5 39. Rf1 Kg8 40.
Bg5 Rf7 41. Rxf7 Kxf7 42. Kd3 Kg7 1-0

[Event "Open Loire"]
[Site "?"]
[Date "2001.05.12"]
[Round "5"]
[White "Simon, Joel"]
[Black "Mujic, Saban"]
[Result "0-1"]
[WhiteElo "1650"]
[BlackElo "1810"]
[PlyCount "48"]
[EventDate "1996.??.??"]

1. d4 d5 2. e4 dxe4 3. Nc3 e6 4. f3 exf3 5. Nxf3 Nf6 6. Bd3 Be7 7. O-O O-O 8.
Bg5 h6 9. Bh4 c5 10. Ne2 Nc6 11. c3 Nd5 12. Bxe7 Qxe7 13. Nd2 Ne3 14. Qe1 Nxf1
15. Qxf1 Qf6 16. Nf4 cxd4 17. Ne4 Qe5 18. cxd4 Qxd4+ 19. Kh1 Ne5 20. Rd1 Nxd3
21. Qf3 f5 22. Ng6 Qxe4 23. Qxd3 Qxd3 24. Rxd3 Re8 0-1

[Event "Open Loire"]
[Site "?"]
[Date "2001.05.12"]
[Round "5"]
[White "Gerey, Bernard"]
[Black "Campoy, Jean"]
[Result "0-1"]
[WhiteElo "1240"]
[BlackElo "1580"]
[PlyCount "34"]
[EventDate "1996.??.??"]

1. e4 e5 2. Nf3 Nc6 3. Bc4 Be7 4. O-O Nf6 5. Nc3 d6 6. d3 O-O 7. Bg5 Bg4 8. Re1
Nd4 9. Re3 Nh5 10. Bxe7 Qxe7 11. h3 Bxf3 12. Nd5 Qd8 13. gxf3 c6 14. c3 cxd5
15. Bxd5 Nc6 16. Re1 Nf4 17. Kh2 Qh4 0-1

[Event "Open Loire"]
[Site "?"]
[Date "2001.05.12"]
[Round "5"]
[White "Bazoux, Sebastien"]
[Black "Valet, Godeffroy"]
[Result "0-1"]
[WhiteElo "1499"]
[BlackElo "1420"]
[PlyCount "78"]
[EventDate "1996.??.??"]

1. d4 d5 2. Nf3 Nc6 3. a3 Bf5 4. Bf4 Nf6 5. e3 e6 6. c4 Bd6 7. Bxd6 Qxd6 8. h3
h5 9. Bd3 Ne4 10. Nfd2 Nxf2 11. Kxf2 Bxd3 12. c5 Qe7 13. Qb3 Qh4+ 14. g3 Qf6+
15. Kg2 Ba6 16. Qc3 h4 17. g4 Qg6 18. Kh2 f5 19. Rg1 fxg4 20. Rxg4 Qf6 21. Rf4
Qe7 22. b4 Rf8 23. a4 Rxf4 24. exf4 Be2 25. Na3 Qf6 26. Qe3 Nxd4 27. Rc1 Bh5
28. Rf1 Ne2 29. f5 Ng3 30. Rf2 Nxf5 31. Nb5 Nxe3 32. Rxf6 gxf6 33. Nxc7+ Kd7
34. Nxa8 Kc8 35. Kg1 Kb8 36. Nb6 axb6 37. cxb6 Nc4 38. Nb3 Nxb6 39. Kf2 Nxa4
0-1

[Event "Open Loire"]
[Site "?"]
[Date "2001.05.12"]
[Round "5"]
[White "Raymond, Andre"]
[Black "Reissier, Aymeric"]
[Result "0-1"]
[WhiteElo "1490"]
[BlackElo "1360"]
[PlyCount "90"]
[EventDate "1996.??.??"]

1. e4 e6 2. d4 d5 3. exd5 exd5 4. Nf3 Nf6 5. Bg5 Be7 6. Nc3 Be6 7. Bd3 Nbd7 8.
O-O O-O 9. Bf4 a6 10. Re1 Re8 11. Ne5 c5 12. Nxd7 Qxd7 13. dxc5 Bxc5 14. h3 Bf5
15. Rxe8+ Rxe8 16. Bxf5 Qxf5 17. Bg3 Ne4 18. Nxe4 Qxe4 19. c3 a5 20. Qb3 d4 21.
cxd4 Bxd4 22. Kh2 b6 23. f3 Qe6 24. Re1 Qd7 25. Rd1 a4 26. Qc4 Rd8 27. Kh1 Qd5
28. Qd3 b5 29. Bf2 Qxa2 30. Bxd4 b4 31. Qe2 h6 32. Bb6 Rxd1+ 33. Qxd1 Qxb2 34.
Qd8+ Kh7 35. Bd4 Qc1+ 36. Kh2 Qf4+ 37. Kh1 a3 38. Ba1 Qc1+ 39. Kh2 Qxa1 40.
Qd3+ g6 41. Qb3 Qe5+ 42. Kg1 Qe1+ 43. Kh2 Kg7 44. f4 Qc3 45. Qa2 Qb2 0-1

[Event "Open Loire"]
[Site "?"]
[Date "2001.05.12"]
[Round "5"]
[White "Vinot, Raoul"]
[Black "Treveys, Maxime"]
[Result "0-1"]
[WhiteElo "1470"]
[BlackElo "1360"]
[PlyCount "56"]
[EventDate "1996.??.??"]

1. d4 Nf6 2. c4 g6 3. Nc3 Bg7 4. e4 d6 5. Bg5 O-O 6. Nf3 Nbd7 7. e5 dxe5 8.
dxe5 Ne8 9. Qd4 c5 10. Qf4 Nc7 11. Bh6 Ne6 12. Qh4 Bxh6 13. Qxh6 Qc7 14. Ne4
Nxe5 15. Nfg5 Qa5+ 16. Nc3 Nxg5 17. Qxg5 Nc6 18. Be2 Rd8 19. O-O Bf5 20. Nd5
Rd7 21. Rfe1 Nd4 22. Ne3 Qd2 23. Kf1 Nxe2 24. Rad1 Qxb2 25. Nxf5 Rxd1 26. Rxd1
Nc3 27. Nxe7+ Kf8 28. Qf6 Qe2+ 0-1

[Event "Open Loire"]
[Site "?"]
[Date "2001.05.12"]
[Round "5"]
[White "Brachet, Gerard"]
[Black "Rengame, Mohane"]
[Result "0-1"]
[WhiteElo "1450"]
[BlackElo "1400"]
[PlyCount "66"]
[EventDate "1996.??.??"]

1. e4 e5 2. Nf3 Nc6 3. Bc4 Bc5 4. d3 h6 5. a3 d6 6. c3 a5 7. Ba2 Nf6 8. Qb3 O-O
9. O-O a4 10. Qc2 Bg4 11. Qe2 Ne7 12. b4 axb3 13. Bxb3 Ng6 14. g3 Qd7 15. Be3
Bxe3 16. Qxe3 Bh3 17. Re1 Qg4 18. Kh1 Nf4 19. Kg1 Ng6 20. Bd1 Qe6 21. Nh4 Nd7
22. g4 Nf4 23. d4 Qf6 24. Qg3 g5 25. Nf5 c5 26. d5 c4 27. Nd2 Rfc8 28. a4 Nc5
29. Nxc4 Ncd3 30. Ncxd6 Rxc3 31. Nxb7 Qb6 32. Ra2 Qxb7 33. f3 Qb6+ 0-1

[Event "Open Loire"]
[Site "?"]
[Date "2001.05.12"]
[Round "5"]
[White "Bruyas, Benjamin"]
[Black "Conesa, Antoine"]
[Result "0-1"]
[WhiteElo "1110"]
[BlackElo "1420"]
[PlyCount "82"]
[EventDate "1996.??.??"]

1. e4 e6 2. d4 d5 3. e5 a6 4. Nf3 h6 5. c3 c5 6. a3 Nc6 7. Bd2 Qb6 8. Qc2 cxd4
9. cxd4 Nxd4 10. Nxd4 Qxd4 11. Bc3 Qc5 12. Bd3 Qc7 13. O-O Ne7 14. Re1 Nc6 15.
Nd2 Bc5 16. Nf3 Bd7 17. Re2 Rc8 18. Rc1 Qb6 19. Qd2 Qa7 20. h3 d4 21. Ba5 b6
22. Bb4 a5 23. Bxc5 bxc5 24. Ree1 a4 25. Qc2 Na5 26. b4 axb3 27. Qb2 O-O 28.
Qb1 Kh8 29. Bc4 Bc6 30. Bxb3 Rb8 31. Nd2 Bd5 32. Qd3 Nxb3 33. Nxb3 Rxb3 34. Qc2
Rc8 35. Rb1 Rxa3 36. Qb2 g6 37. Ra1 Ra8 38. Rxa3 Qxa3 39. Qb6 Qa5 40. Qd6 Qxe1+
41. Kh2 Qxf2 0-1

[Event "Open Loire"]
[Site "?"]
[Date "2001.05.12"]
[Round "5"]
[White "Barthelemy, Jerome"]
[Black "Soler, Gerald"]
[Result "1-0"]
[WhiteElo "1360"]
[BlackElo "1499"]
[PlyCount "39"]
[EventDate "1996.??.??"]

1. c4 e5 2. Nc3 Nf6 3. Nf3 Nc6 4. g3 Be7 5. Bg2 d6 6. O-O O-O 7. d4 exd4 8.
Nxd4 Nxd4 9. Qxd4 c6 10. e4 h6 11. Bf4 Ne8 12. Rad1 Bf6 13. e5 Be7 14. exd6
Nxd6 15. Rfe1 Nf5 16. Qxd8 Rxd8 17. Rxd8+ Kh7 18. Re8 Bf6 19. Be4 Kg6 20. g4
1-0

[Event "Open Loire"]
[Site "?"]
[Date "2001.05.12"]
[Round "5"]
[White "Reissier, Amandine"]
[Black "Bournez, Gerard"]
[Result "1/2-1/2"]
[WhiteElo "1310"]
[BlackElo "1470"]
[PlyCount "66"]
[EventDate "1996.??.??"]

1. d4 Nf6 2. Nf3 d5 3. e3 c6 4. c4 e6 5. Nc3 Bb4 6. Bd2 O-O 7. Be2 Nbd7 8. O-O
Bxc3 9. Bxc3 Ne4 10. Bb4 c5 11. dxc5 Ndxc5 12. Bd3 Qb6 13. a3 a5 14. Bxc5 Nxc5
15. b4 Nxd3 16. Qxd3 Bd7 17. Ng5 f5 18. Rfc1 h6 19. Nf3 Bc6 20. Ne5 dxc4 21.
Qxc4 Bd5 22. Nd7 Qa7 23. Qc5 Qxc5 24. Rxc5 Rfd8 25. Nb6 Ra6 26. bxa5 Bc6 27. h3
Kf7 28. f4 Rd2 29. g4 fxg4 30. hxg4 Rg2+ 31. Kf1 Rxg4 32. Nc4 Rh4 33. Ne5+ Kf6
1/2-1/2

[Event "Open Loire"]
[Site "?"]
[Date "2001.05.12"]
[Round "5"]
[White "Mialon, Franck"]
[Black "Gerey, Jean-Pierre"]
[Result "0-1"]
[WhiteElo "1250"]
[BlackElo "1280"]
[PlyCount "34"]
[EventDate "1996.??.??"]

1. e4 Nc6 2. Nf3 e5 3. d3 Nf6 4. Bg5 Be7 5. Nc3 d6 6. h4 h6 7. Be3 Be6 8. Qd2
Qd7 9. Be2 d5 10. exd5 Nxd5 11. d4 Nxc3 12. Qxc3 Bb4 13. O-O-O Bxc3 14. dxe5
Qe7 15. bxc3 Qa3+ 16. Kb1 Bxa2+ 17. Ka1 Bb3+ 0-1

[Event "Open Loire"]
[Site "?"]
[Date "2001.05.12"]
[Round "5"]
[White "Veyrat, Gerard"]
[Black "Trottet, Francois"]
[Result "0-1"]
[WhiteElo "1150"]
[BlackElo "1270"]
[PlyCount "64"]
[EventDate "1996.??.??"]

1. d4 Nf6 2. c4 e6 3. Nc3 d5 4. e3 c5 5. Nf3 Nc6 6. Bd3 Be7 7. cxd5 exd5 8. O-O
c4 9. Be2 O-O 10. Qc2 Bg4 11. h3 Bxf3 12. Bxf3 Nb4 13. Qf5 g6 14. Qf4 Nd3 15.
Qg3 Qd7 16. h4 Bd6 17. Qg5 Be7 18. h5 Rad8 19. hxg6 fxg6 20. b3 Nxc1 21. Rfxc1
b5 22. bxc4 bxc4 23. Bg4 Nxg4 24. f3 Bxg5 25. f4 Bh6 26. Rf1 Nxe3 27. Rf3 Rde8
28. Ne2 Re4 29. Ng3 Re7 30. Re1 Bxf4 31. Ne2 Qg4 32. g3 Qxf3 0-1

[Event "Open Loire"]
[Site "?"]
[Date "2001.05.12"]
[Round "5"]
[White "Farge, Damien"]
[Black "Bourgin, Christian"]
[Result "0-1"]
[WhiteElo "1299"]
[BlackElo "1199"]
[PlyCount "50"]
[EventDate "1996.??.??"]

1. e4 c5 2. Nf3 Nc6 3. Nc3 e5 4. Bc4 Nh6 5. O-O Na5 6. b3 Nxc4 7. bxc4 b6 8.
Nxe5 Qf6 9. f4 Bd6 10. Nb5 Bxe5 11. fxe5 Qxe5 12. Bb2 Qxb2 13. Nc7+ Kd8 14.
Nxa8 Bb7 15. Nxb6 axb6 16. Rb1 Qxa2 17. Rxb6 Qa7 18. Qb1 Kc7 19. Qb5 Qxb6 20.
Qxb6+ Kxb6 21. Rb1+ Kc7 22. c3 Bxe4 23. Ra1 Ra8 24. Re1 Bd3 25. Re5 Ng4 0-1

[Event "Open Loire"]
[Site "?"]
[Date "2001.05.12"]
[Round "6"]
[White "Pareux, Marc"]
[Black "Valjan, Berislav"]
[Result "0-1"]
[WhiteElo "1530"]
[BlackElo "1580"]
[PlyCount "52"]
[EventDate "1996.??.??"]

1. d4 d5 2. e4 dxe4 3. Nc3 Bf5 4. f3 exf3 5. Nxf3 e6 6. Bc4 c6 7. O-O Nf6 8.
Bg5 Be7 9. Ne5 Nbd7 10. g4 Nxe5 11. dxe5 Qxd1 12. Raxd1 Nxg4 13. Rxf5 exf5 14.
Bxe7 Kxe7 15. Bd3 g6 16. Ne2 Nxe5 17. Nf4 Rad8 18. Re1 Kf6 19. Kg2 Rd4 20. Kg3
h5 21. h4 Re8 22. a3 Rxf4 23. b4 Rg4+ 24. Kh3 Rd8 25. Bf1 Rdd4 26. b5 Rxh4+ 0-1

[Event "Open Loire"]
[Site "?"]
[Date "2001.05.12"]
[Round "6"]
[White "Bastien, Daniel"]
[Black "Vernay, Clovis"]
[Result "0-1"]
[WhiteElo "1650"]
[BlackElo "1590"]
[PlyCount "52"]
[EventDate "1996.??.??"]

1. c4 Nf6 2. Nc3 e6 3. Nf3 Nc6 4. g3 d5 5. d3 Be7 6. Bg2 Bd7 7. Bf4 Nh5 8. Qd2
d4 9. O-O dxc3 10. Qxc3 Nxf4 11. Qxg7 Bf6 12. Qh6 Nxe2+ 13. Kh1 Qe7 14. Qe3
Ned4 15. Rab1 O-O-O 16. b4 Nc2 17. Qd2 N2xb4 18. a3 Na6 19. Rxb7 Kxb7 20. d4
Rb8 21. Ne5 Bxe5 22. Qa5 Bxd4 23. Qb5+ Bb6 24. Rb1 Qc5 25. Qb2 Rhd8 26. Qc2 Kc8
0-1

[Event "Open Loire"]
[Site "?"]
[Date "2001.05.12"]
[Round "6"]
[White "Chabas, Jean-Luc"]
[Black "Mujic, Saban"]
[Result "0-1"]
[WhiteElo "1640"]
[BlackElo "1810"]
[PlyCount "112"]
[EventDate "1996.??.??"]

1. e4 c5 2. Nf3 e6 3. c3 Nc6 4. d4 cxd4 5. Nxd4 d6 6. Bd3 Nf6 7. O-O Be7 8. Nd2
O-O 9. N2f3 e5 10. Nb3 a6 11. h3 b5 12. Be3 Bb7 13. Nbd2 Qc7 14. Qe2 Rac8 15.
Rfc1 Rfd8 16. Bg5 h6 17. Bxf6 Bxf6 18. Rd1 Ne7 19. Bc2 Ng6 20. Nf1 Nf4 21. Qe1
Qd7 22. Ne3 g6 23. Rd2 Qc7 24. Rad1 Kg7 25. Kh2 Ne6 26. Kg1 Nc5 27. Nd5 Bxd5
28. Rxd5 Ne6 29. g3 Qb6 30. Kg2 Rc5 31. h4 Rxd5 32. Rxd5 Nc7 33. Rd1 Be7 34.
Ng1 Ne8 35. Ne2 Nf6 36. Nc1 Ng4 37. Rd2 h5 38. Re2 Qc6 39. f3 Nf6 40. Rd2 d5
41. exd5 Rxd5 42. Rxd5 Qxd5 43. Bb3 Qd6 44. Qe2 Nd7 45. Nd3 f6 46. Qe4 f5 47.
Qd5 Qxd5 48. Bxd5 Kf6 49. Kf2 Bd6 50. Ke3 Nb6 51. Bc6 Nc4+ 52. Ke2 Ke6 53. b3
Nb6 54. Ke3 Nd5+ 55. Kd2 e4 56. fxe4 fxe4 0-1

[Event "Open Loire"]
[Site "?"]
[Date "2001.05.12"]
[Round "6"]
[White "Valet, Godeffroy"]
[Black "Trevy, Nelly"]
[Result "0-1"]
[WhiteElo "1420"]
[BlackElo "1600"]
[PlyCount "88"]
[EventDate "1996.??.??"]

1. e4 c6 2. d4 d5 3. e5 Bf5 4. g4 Bg6 5. f4 e6 6. Nf3 Nd7 7. h4 h5 8. g5 Ne7 9.
c4 c5 10. cxd5 Nxd5 11. dxc5 Bxc5 12. Bc4 Bb4+ 13. Bd2 Bxd2+ 14. Qxd2 N5b6 15.
Bd3 Bxd3 16. Qxd3 O-O 17. Nc3 Rc8 18. g6 Nc5 19. gxf7+ Rxf7 20. Qg6 Nd3+ 21.
Kf1 Nxf4 22. Qe4 Qd3+ 23. Qxd3 Nxd3 24. Kg2 Rcf8 25. Ng5 Rf2+ 26. Kg1 Rxb2 27.
Rf1 Rxf1+ 28. Kxf1 Nxe5 29. Nxe6 Ng4 30. Rg1 Nc4 31. Nf4 Nh2+ 32. Ke1 Nf3+ 33.
Kd1 Nxg1 34. Nxh5 Nf3 35. Nf4 Ne3+ 36. Kc1 Rc2+ 37. Kb1 Rxc3 38. Kb2 Rc4 39.
Ng6 Nd1+ 40. Kb3 Nd2+ 41. Ka3 a5 42. h5 b5 43. Ne7+ Kf7 44. Nd5 Ra4# 0-1

[Event "Open Loire"]
[Site "?"]
[Date "2001.05.12"]
[Round "6"]
[White "Campoy, Jean"]
[Black "Barthelemy, Jerome"]
[Result "1/2-1/2"]
[WhiteElo "1580"]
[BlackElo "1360"]
[PlyCount "118"]
[EventDate "1996.??.??"]

1. e4 c5 2. Nc3 e6 3. Nf3 Nc6 4. d3 Nf6 5. Be2 Qc7 6. Bg5 Be7 7. O-O O-O 8. Bh4
d6 9. a3 b6 10. Bg3 a6 11. Nb1 Bb7 12. Nbd2 Nh5 13. Nc4 Nxg3 14. fxg3 Bf6 15.
c3 Rad8 16. Rb1 d5 17. exd5 Rxd5 18. Ne3 Rdd8 19. Ng4 Be7 20. Kh1 h5 21. Nf2 g6
22. Qc1 Bf6 23. g4 hxg4 24. Nxg4 Bg7 25. Ng5 Qe7 26. Ne4 Ne5 27. Nxe5 Bxe5 28.
Qh6 Bg7 29. Qh3 c4 30. Rbd1 cxd3 31. Bxd3 Bxe4 32. Bxe4 Rxd1 33. Rxd1 Rd8 34.
Qf3 Rxd1+ 35. Qxd1 f5 36. Bf3 e5 37. Bd5+ Kf8 38. Qb3 b5 39. c4 bxc4 40. Bxc4
a5 41. Qb8+ Qe8 42. Qxe8+ Kxe8 43. b4 axb4 44. axb4 e4 45. Kg1 f4 46. Kf1 g5
47. Ke2 Kd7 48. Bd5 e3 49. b5 Bd4 50. g3 fxg3 51. hxg3 Kc7 52. Kf3 Kb6 53. Bc4
Kc5 54. Be2 Kd5 55. Kg4 Be5 56. b6 Kd4 57. Kf3 Kc3 58. Kxe3 Bxg3 59. b7 Bc7
1/2-1/2

[Event "Open Loire"]
[Site "?"]
[Date "2001.05.12"]
[Round "6"]
[White "Gidon, Rene"]
[Black "Reissier, Aymeric"]
[Result "1-0"]
[WhiteElo "1520"]
[BlackElo "1360"]
[PlyCount "37"]
[EventDate "1996.??.??"]

1. e4 e6 2. d4 d5 3. Nc3 Bb4 4. e5 c5 5. Nf3 Nc6 6. Bb5 Bd7 7. O-O cxd4 8. Bxc6
Bxc6 9. Qxd4 Bxc3 10. Qxc3 Rc8 11. Qd4 b6 12. a4 Ne7 13. Qg4 Nf5 14. Nd4 Nxd4
15. Qxd4 Qd7 16. Bg5 O-O 17. Qg4 Rfe8 18. Bf6 g6 19. Qg5 1-0

[Event "Open Loire"]
[Site "?"]
[Date "2001.05.12"]
[Round "6"]
[White "Conesa, Antoine"]
[Black "Treveys, Maxime"]
[Result "0-1"]
[WhiteElo "1420"]
[BlackElo "1360"]
[PlyCount "92"]
[EventDate "1996.??.??"]

1. e4 c5 2. Nf3 d6 3. Bc4 e6 4. O-O Nf6 5. d3 Bd7 6. Bg5 b5 7. Bb3 Be7 8. a3 h6
9. Be3 Nc6 10. c4 b4 11. axb4 Nxb4 12. Qd2 Ng4 13. Qc3 Bf6 14. Qd2 Nxe3 15.
fxe3 a5 16. d4 cxd4 17. exd4 Qb6 18. Kh1 a4 19. Bc2 Nxc2 20. Qxc2 Bxd4 21. Nxd4
Qxd4 22. Rd1 Qc5 23. Nd2 O-O 24. b3 Qb4 25. Rdb1 a3 26. Ra2 Bc6 27. Rba1 Qc5
28. Qc3 Rfb8 29. Re1 d5 30. exd5 exd5 31. Re5 Re8 32. b4 d4 33. Rxe8+ Rxe8 34.
Qg3 Qxb4 35. h3 Re2 36. Qc7 Bxg2+ 37. Kg1 Bxh3 38. Qd8+ Kh7 39. Qxd4 Qe7 40.
Qd3+ g6 41. Qxh3 Qa7+ 42. Kh1 Qf2 43. Rxa3 Re1+ 44. Nf1 Rxf1+ 45. Qxf1 Qxf1+
46. Kh2 Qxc4 0-1

[Event "Open Loire"]
[Site "?"]
[Date "2001.05.12"]
[Round "6"]
[White "Rengame, Mohane"]
[Black "Gerey, Bernard"]
[Result "1-0"]
[WhiteElo "1400"]
[BlackElo "1240"]
[PlyCount "57"]
[EventDate "1996.??.??"]

1. e4 e6 2. d4 d5 3. e5 c5 4. Nf3 Nc6 5. c3 Be7 6. Bb5 Bd7 7. Be3 Nxd4 8. Bxd7+
Qxd7 9. cxd4 c4 10. O-O O-O-O 11. Qd2 b6 12. Rc1 b5 13. b4 a6 14. Ne1 Kb7 15.
Nc2 Rc8 16. Nc3 f6 17. a4 Nh6 18. axb5 axb5 19. Ra5 Rb8 20. Rca1 Ra8 21. Rxb5+
Kc7 22. exf6 Bxf6 23. Bf4+ Kc6 24. Raa5 Rxa5 25. Rxa5 Nf7 26. b5+ Kb6 27. Na4+
Kb7 28. Nc5+ Kc8 29. Ra8# 1-0

[Event "Open Loire"]
[Site "?"]
[Date "2001.05.12"]
[Round "6"]
[White "Gerey, Jean-Pierre"]
[Black "Simon, Joel"]
[Result "1/2-1/2"]
[WhiteElo "1280"]
[BlackElo "1650"]
[PlyCount "110"]
[EventDate "1996.??.??"]

1. e4 d6 2. d4 Nf6 3. Nc3 g6 4. Nf3 Bg7 5. Bd3 O-O 6. h3 Na6 7. Be3 b6 8. Qd2
c5 9. d5 Nc7 10. Qe2 a6 11. a4 Bd7 12. O-O b5 13. axb5 axb5 14. Rxa8 Qxa8 15.
e5 Nfxd5 16. Nxd5 Qxd5 17. Bf4 Qb7 18. exd6 exd6 19. Bxd6 Re8 20. Qd2 c4 21.
Be2 Nd5 22. c3 Qc6 23. Bg3 Nf6 24. Ne5 Qc8 25. Nxd7 Nxd7 26. Bg4 f5 27. Qd5+
Kh8 28. Bf3 Nf6 29. Qxb5 Ne4 30. Re1 Re7 31. Qb8 Qxb8 32. Bxb8 Rb7 33. Bf4 Rxb2
34. Bxe4 fxe4 35. Rxe4 Bxc3 36. Bh6 Kg8 37. Rxc4 Rc2 38. Bd2 Rxd2 39. Rxc3 Kg7
40. Kf1 h6 41. Rc7+ Kf6 42. Rc6+ Kg5 43. g3 h5 44. h4+ Kh6 45. f3 Rb2 46. Rc7
Rd2 47. g4 hxg4 48. fxg4 Rd4 49. g5+ Kh5 50. Ke2 Rxh4 51. Kf3 Kxg5 52. Rc5+ Kf6
53. Kg3 Re4 54. Rc6+ Re6 55. Rxe6+ Kxe6 1/2-1/2

[Event "Open Loire"]
[Site "?"]
[Date "2001.05.12"]
[Round "6"]
[White "Brachet, Gerard"]
[Black "Bazoux, Sebastien"]
[Result "1-0"]
[WhiteElo "1450"]
[BlackElo "1499"]
[PlyCount "53"]
[EventDate "1996.??.??"]

1. d4 Nf6 2. c4 g6 3. Bg5 Bg7 4. Nc3 d6 5. Nf3 b6 6. e3 c5 7. d5 Bf5 8. Bxf6
Bxf6 9. e4 Bxc3+ 10. bxc3 Bxe4 11. Ng5 Bf5 12. Bd3 Bxd3 13. Qxd3 Nd7 14. O-O
O-O 15. Rae1 Ne5 16. Qe4 Qd7 17. Re2 f6 18. Ne6 Rfe8 19. f4 Nf7 20. f5 g5 21.
Qg4 h6 22. Qh5 Kh8 23. Qxf7 Rg8 24. Qh5 Kh7 25. g4 Qe8 26. Qxe8 Rgxe8 27. Nc7
1-0